| 000 | 00716cam a2200241 i 4500 | ||
|---|---|---|---|
| 001 | 852696 | ||
| 003 | OSt | ||
| 005 | 20230619094520.0 | ||
| 008 | 780629s1977 enk d 000 0 eng | ||
| 010 | _a 78304985 | ||
| 015 | _aGB77-31665 | ||
| 020 |
_a0002161494 : _c£8.50 |
||
| 040 |
_aDLC _cDLC _dDLC |
||
| 082 |
_a153.7 _bBUL |
||
| 245 | 0 | 4 |
_aThe Fontana dictionary of modern thought / _cedited by Alan Bullock and Oliver Stallybrass. |
| 260 |
_aLondon : _bCollins, _c1977. |
||
| 300 |
_axix, 684 p. ; _c23 cm. |
||
| 650 | 0 | _aEncyclopedias and dictionaries. | |
| 700 | 1 |
_aBullock, Alan, _d1914-2004. |
|
| 700 | 1 | _aStallybrass, Oliver. | |
| 906 |
_a7 _bcbc _corignew _d3 _encip _f19 _gy-gencatlg |
||
| 942 |
_2ddc _cBK |
||
| 999 |
_c1174 _d1174 |
||